| 000 | 00619nam a2200181 a 4500 | ||
|---|---|---|---|
| 005 | 20240802063640.0 | ||
| 008 | 991125s1960 mx 000 0 spa u | ||
| 035 | _aUPN01000027992 | ||
| 049 | _aCG | ||
| 050 | 4 |
_aPQ6039 _bD5.3 |
|
| 100 | 1 |
_aDíaz-Plaja,Guillermo, _d1909- |
|
| 245 | 1 | 0 |
_aHistoria de la literatura española / _cGuillermo Díaz-Plaja. Historia de la literatura mexicana / Francisco Monterde. |
| 260 |
_aMéxico : _bPorrúa, _c1960. |
||
| 300 |
_a625 p. : _bil. |
||
| 650 | 4 |
_aLiteratura española _xHistoria y crítica _98085 |
|
| 700 | 1 |
_aMonterde, Francisco, _d1894-1985 _ecoaut. _929349 |
|
| 905 | _aLibro | ||
| 999 |
_c27992 _d27992 |
||